| 000 | 01263nam a2200325 i 4500 | ||
|---|---|---|---|
| 001 | 000022326 | ||
| 003 | DO-SdBNP | ||
| 005 | 20250621074006.0 | ||
| 007 | ta | ||
| 008 | 081028s1953 dr 001 0 spa d | ||
| 040 |
_aDO-SdBNP _bspa _cBNPHU _erda |
||
| 049 |
_aBNPD _c1 [001374], 2 [001375] |
||
| 082 | 4 |
_a972.9324 _bR639e _222 |
|
| 100 | 1 |
_aRobert, José A., _d1891-1966 _eautor _4aut. _9781 |
|
| 245 | 1 | 3 |
_aLa evolución histórica de Barahona : _bobra histórica geográfica / _cJosé A. Robert ; prólogo, Eladio Ramírez. |
| 264 |
_aCiudad Trujillo, República Dominicana : _bEditora Del Caribe, _c1953. |
||
| 300 |
_a275 páginas ; _c23 cm. |
||
| 336 |
_atexto _btxt _2rdacontent |
||
| 337 |
_asin mediación _bn _2rdamedia |
||
| 338 |
_avolumen _bnc _2rdacarrier |
||
| 590 | _aInventariado, 2024/BT | ||
| 650 | 4 |
_aBarahona (República Dominicana) _xGeografía _9783 |
|
| 650 | 4 |
_aCiudades y pueblos _zRepública Dominicana _9784 |
|
| 651 | 4 |
_aBarahona (República Dominicana{Rpara} _xHistoria Local _9231 |
|
| 651 | 0 |
_aRepública Dominicana _xPolítica y gobierno _945 |
|
| 651 | 4 |
_aBarahona (República Dominicana{Rpara} _xVida social y costumbres _9782 |
|
| 700 | 1 |
_aRamirez, Eladio, _eprologuista _4pr. _946084 |
|
| 910 | _aBtavárez | ||
| 942 |
_2ddc _cLBS1 |
||
| 999 |
_c21824 _d21824 |
||